000 00252nam a22000977a 4500
008 231208b |||||||| |||| 00| 0 eng d
020 _a9789355555755
100 _aMTG
_97733
245 _aMTG CUET (UG) Entrance-Mathematics
260 _aNew Delhi
_bMTG
_c2023
999 _c12487
_d12487